Solaris 9 security (E-BOOK) (Record no. 191809)

000 -LEADER
fixed length control field 00869 a2200193 4500
003 - CONTROL NUMBER IDENTIFIER
control field Nust
005 - DATE AND TIME OF LATEST TRANSACTION
control field 20170207154024.0
010 ## - LIBRARY OF CONGRESS CONTROL NUMBER
LC control number 2002106523
020 ## - INTERNATIONAL STANDARD BOOK NUMBER
International Standard Book Number 1592000053
035 ## - SYSTEM CONTROL NUMBER
System control number (DLC) 2002106523
040 ## - CATALOGING SOURCE
Transcribing agency Nust
100 1# - MAIN ENTRY--PERSONAL NAME
Personal name Wilfred, Ashish.
245 10 - TITLE STATEMENT
Title Solaris 9 security (E-BOOK)
Statement of responsibility, etc. Ashish Wilfred.
260 ## - PUBLICATION, DISTRIBUTION, ETC.
Place of publication, distribution, etc. Indianapolis, IN :
Name of publisher, distributor, etc. Pemier Press,
Date of publication, distribution, etc. 2002.
300 ## - PHYSICAL DESCRIPTION
Extent p.
Dimensions cm.
440 ## - SERIES STATEMENT/ADDED ENTRY--TITLE
Title Networking
505 ## - FORMATTED CONTENTS NOTE
Formatted contents note Chapter 1 Security: An Overview 1 Chapter 2 Introduction to Cryptography 31 Chapter 3 System Startup and Data Access Security 57 Chapter 4 Network Security Tools 91 Chapter 5 Implementing System Security 123 Chapter 6 Securing the File System 153 Chapter 7 Securing Users and Applications 183 Chapter 8 Implementing Kerberos in Solaris 221 Chapter 9 Securing Networks 249 Chapter 10 Securing Web and E-Mail Services 277
651 ## - SUBJECT ADDED ENTRY--GEOGRAPHIC NAME
Geographic name E-BOOK
942 ## - ADDED ENTRY ELEMENTS (KOHA)
Source of classification or shelving scheme
Koha item type Book
Holdings
Withdrawn status Lost status Source of classification or shelving scheme Damaged status Not for loan Collection code Permanent Location Current Location Date acquired Total Checkouts Barcode Date last seen Price effective from Koha item type
            Military College of Signals (MCS) Military College of Signals (MCS) 12/12/2016   MCSEB-960 12/08/2016 12/12/2016 Book
© 2023 Central Library, National University of Sciences and Technology. All Rights Reserved.